Nom des diocèses, provinces et capitales des Gaules sous Dioclétien - Statistiques

Statistiques générales
  • Ce quiz a été pris 84 fois
  • Le résultat moyen est 8 sur 38
Statistiques - réponses
Localité Réponse : % Correct
Diocèse des Gaules Lyon
85%
Diocèse de Viennoise Bordeaux
54%
Diocèse de Viennoise Narbonne
50%
Diocèse de Viennoise Aix-en-Provence
46%
Diocèse des Gaules Reims
46%
Diocèse du Nord Arles
41%
Diocèse des Gaules Rouen
41%
Diocèse de Viennoise Vienne
41%
Diocèse des Gaules Tours
33%
Diocèse de Viennoise Bourges
31%
Diocèse des Gaules Sens
24%
Diocèse du Sud Diocèse des Gaules
22%
Diocèse du Sud Trèves
22%
Diocèse des Gaules Trèves
22%
Diocèse des Gaules Besançon
20%
Diocèse des Gaules Cologne
20%
Diocèse des Gaules Mayence
15%
Diocèse du Nord Diocèse de Viennoise
13%
Diocèse de Viennoise Eauze
13%
Diocèse de Viennoise Viennoise
13%
Diocèse de Viennoise Aquitaine I
11%
Diocèse de Viennoise Aquitaine II
11%
Diocèse des Gaules Lyonnaise I
11%
Diocèse des Gaules Lyonnaise II
11%
Diocèse des Gaules Belgique I
9%
Diocèse des Gaules Belgique II
9%
Diocèse des Gaules Germanie I
9%
Diocèse des Gaules Germanie II
9%
Diocèse des Gaules Lyonnaise III
9%
Diocèse des Gaules Lyonnaise IV
9%
Diocèse de Viennoise Narbonnaise I
9%
Diocèse de Viennoise Narbonnaise II
9%
Diocèse des Gaules Alpes Grées et Pennines
7%
Diocèse de Viennoise Embrun
7%
Diocèse de Viennoise Novempopulanie
7%
Diocèse de Viennoise Alpes-Maritimes
6%
Diocèse des Gaules Grande Sequanie
6%
Diocèse des Gaules Moûtiers
2%
Aucun quiz correspondant
Distribution des résultats
% des personnes avec chaque résultat
Percentile par nombre de réponses
Votre historique - résultats
Vous n’avez pas pris ce quiz